| 000 | 00619 a2200181 4500 | ||
|---|---|---|---|
| 003 | Nust | ||
| 005 | 20170207153213.0 | ||
| 040 | _cNust | ||
| 082 | _a621.382 | ||
| 100 | _aAkbar, Muhammad (PhD MSEE) | ||
| 245 |
_aInterface circuit for piezoresistive pressure sensors _cMuhammad Akbar |
||
| 260 |
_bMichigan State University _c1991 |
||
| 300 | _a187 p. | ||
| 505 | _aIntroduction (page-1), Background (page-10), Sensor modeling (page-47), Temperature compensation (page-68), Interface hardware (page-90), Conclusion (page-127). | ||
| 538 | _aAlmirah No. 69 Shelf No. 2 | ||
| 650 | _aPG Thesis MSEE | ||
| 651 | _aPhD MSEE | ||
| 942 | _cTHS | ||
| 999 |
_c181468 _d181468 |
||